| 000 | 00934nam a2200229Ia 4500 | ||
|---|---|---|---|
| 999 |
_c37653 _d37653 |
||
| 001 | 3625 | ||
| 003 | GE_BSU | ||
| 005 | 20190603144934.0 | ||
| 008 | 181216s1966||||ge |||||||||||||| ||geo|| | ||
| 040 | _cGE_BSU | ||
| 041 | _ageo | ||
| 080 | _a547(076) გ–51 | ||
| 100 |
_aგიოშვილი,გ. _91962 |
||
| 245 |
_aორგანული და ნავთობის ქიმიის პრაქტიკუმი / _cგ. გიოშვილი ; რედ : გ. ნიქაბაძე. |
||
| 250 | _aმეორე შევს.გამოც. | ||
| 264 |
_aთბილისი : _bგანათლება, _c1966. |
||
| 300 |
_a204 გვ .: _bცხრ; ნახ. _c22 სმ. |
||
| 653 | _aორგანული და ნავთობის ქიმია | ||
| 653 | _a ქიმია | ||
| 700 |
_aნიქაბაძე, გ _eრედაქტორი _91188 |
||
| 942 |
_cBK _2udc |
||